| 000 | 00833aas a2200241 4500 | ||
|---|---|---|---|
| 999 |
_c1138 _d1138 |
||
| 003 | BR-BrBNA | ||
| 005 | 20230317233049.0 | ||
| 007 | ta | ||
| 008 | 230119b bl ||||| |||| 00| 0 por d | ||
| 022 | _a0101-0077 | ||
| 035 | _a000485-5 | ||
| 040 |
_aBR-BrBNA _bPor _cBR-BrBNA |
||
| 042 | _a027810-6 | ||
| 044 | _abl | ||
| 245 | _aDocumento - Empresa de Assistência Técnica e Extensão Rural do Estado de Minas Gerais (Brazil) | ||
| 260 |
_aBelo Horizonte-MG _bEmpresa de Assistência Técnica e Extensão Rural do Estado de Minas Gerais _c1977. Data final de publicação em 1997 _eBMG |
||
| 270 | _aAv. Amazonas, 115 - 6º andar - sala 601 - Caixa Postal 515 - 30000-000 | ||
| 310 | _airregular | ||
| 505 | _a1977 (4); 1978 (1-2); 1981 (5); 1997 (2); | ||
| 650 | 1 | 2 | _gEXTENSAO AGRICOLA |
| 909 |
_a56 _bSergio Santos _c56 _dSergio Santos |
||
| 942 |
_cCR _2AGRIS |
||